=LDR 00000nam 2200000 4500 =001 INLIS000000000037181 =005 20130612142926 =008 ***********************************Ind** =035 ##$$0010-061300000037181 =041 ##$$a Ind =082 ##$$a 381.142 =090 ##$$a 381.142, Man k =100 ##$$a Manzur, Aunurrofiq =245 ##$$a Kendalikan dagang online denngan blacberry, Aunurrofiq Manzur =260 ##$$a 2011 $b jakarta =300 ##$$a vii, 161 hlm, ilus, 21 cm =650 ##$$a Telemarketing =850 ##$$a NBPNMAT